Word Ladder: Summer's Death Knell Quiz Stats

 Plays Quiz Updated Aug 19, 2014

Support Sporcle.
Go Orange.
Score 0/25 Timer 02:00
0 Plays Today
Hint Word % Correct
✎ Between ones and threes ✎✎ TWOS ✎
95%
✎ Little ____ of Horrors ✎✎ SHOP ✎
87.9%
Karate blowCHOP
86.8%
Voter surveyPOLL
86.7%
Casino machineSLOT
85%
Hog fodderSLOP
81.9%
Basks in the UVTANS
81.7%
Sherman or PanzerTANK
78.5%
Pigeon palaceCOOP
77.9%
✎ There and ____ Again ✎✎ BACK ✎
77.1%
Horse or thumb ____TACK
74.2%
Eastern ways?TAOS
73.7%
____ mellPELL
72.6%
Hint Word % Correct
Ball game?POOL
72%
✎ ____ whip ✎✎ COOL ✎
71.7%
Pub measurePINT
71.2%
Bed frame boardSLAT
71.1%
Oolong and Lapsang SouchongTEAS
67.7%
____ brillig and the slithy...TWAS
64%
Bottled upPENT
62.9%
✎ Sonar sound ✎✎ PING ✎
61.6%
Boggy fuelPEAT
61.2%
County or catbird ____SEAT
57.6%
Belfry tonePEAL
53.2%
Dabbling duckTEAL
51.3%

Today's Daily Dose

Missing Word
Food in Lyrics

Word Ladder
Bouquet

You're not logged in!

Compare scores with friends on all Sporcle quizzes.
OR
Log In

From the Vault

MLB: 100+ Runs, No Steals

by jmnyyankees10

These are the people who can hit hard, but just aren't run very fast.
Remove Ads.
Support Sporcle.
Get the best of Sporcle when you Go Orange. This ad-free experience offers more features, more stats, and more fun while also helping to support Sporcle. Thank you for becoming a member.

Show Comments

Extras

Top Quizzes Today


Score Distribution

Your Account Isn't Verified!

In order to create a playlist on Sporcle, you need to verify the email address you used during registration. Go to your Sporcle Settings to finish the process.

Report this User

Report this user for behavior that violates our Community Guidelines.

Details: